<?xml version="1.0" encoding="UTF-8"?><?xml-stylesheet type="text/xsl" href="static/style.xsl"?><OAI-PMH xmlns="http://www.openarchives.org/OAI/2.0/" xmlns:xsi="http://www.w3.org/2001/XMLSchema-instance" xsi:schemaLocation="http://www.openarchives.org/OAI/2.0/ http://www.openarchives.org/OAI/2.0/OAI-PMH.xsd"><responseDate>2026-06-01T08:38:20Z</responseDate><request verb="GetRecord" identifier="oai:riuma.uma.es:10630/25106" metadataPrefix="marc">https://riuma.uma.es/rest/oai/request</request><GetRecord><record><header><identifier>oai:riuma.uma.es:10630/25106</identifier><datestamp>2026-02-03T10:26:22Z</datestamp><setSpec>com_10630_1685</setSpec><setSpec>col_10630_38055</setSpec></header><metadata><record xmlns="http://www.loc.gov/MARC21/slim" xmlns:dcterms="http://purl.org/dc/terms/" xmlns:doc="http://www.lyncode.com/xoai" xmlns:xsi="http://www.w3.org/2001/XMLSchema-instance" xsi:schemaLocation="http://www.loc.gov/MARC21/slim http://www.loc.gov/standards/marcxml/schema/MARC21slim.xsd">
   <leader>00925njm 22002777a 4500</leader>
   <datafield ind2=" " ind1=" " tag="042">
      <subfield code="a">dc</subfield>
   </datafield>
   <datafield ind2=" " ind1=" " tag="720">
      <subfield code="a">Espinosa Tarrío, Pablo</subfield>
      <subfield code="e">author</subfield>
   </datafield>
   <datafield ind2=" " ind1=" " tag="260">
      <subfield code="c">2022-06</subfield>
   </datafield>
   <datafield ind2=" " ind1=" " tag="520">
      <subfield code="a">Un proceso de negocio es un conjunto de actividades estructuradas que tienen&#xd;
como objetivo desarrollar un determinado producto o software. BPMN es&#xd;
la notación de facto para diseñar y modelar gráficamente estos procesos. La importancia&#xd;
de los procesos de negocio dentro de las organizaciones hace que se&#xd;
comiencen a realizar análisis formales sobre ellos para poder llevarlos a cabo de&#xd;
manera eficaz y libre de errores.&#xd;
Por ende, el objetivo de este trabajo es desarrollar una aplicación web que&#xd;
permita, de forma sencilla y eficiente, la creación y visualización de diagramas&#xd;
BPMN para poder ejecutar sobre ellos análisis formales en tiempo real. Dichos&#xd;
análisis, estarán focalizados en verificar automáticamente ciertas propiedades de&#xd;
interés, como el tiempo de ejecución, el grado de paralelismo y el uso de recursos&#xd;
de los procesos, además de permitir verificar proposiciones de lógica temporal&#xd;
lineal (LTL) sobre ellos para razonar acerca de su funcionamiento.&#xd;
Para el desarrollo de la aplicación se ha seguido una metodología iterativa&#xd;
incremental, utilizando Node.js para desarrollar el servidor web de la aplicación,&#xd;
Maude para realizar los análisis formales sobre los procesos BPMN, y Java para&#xd;
leer los ficheros XML que contienen la información de cada diagrama y generar&#xd;
su respectiva representación en formato Maude.</subfield>
   </datafield>
   <datafield ind1="8" ind2=" " tag="024">
      <subfield code="a">https://hdl.handle.net/10630/25106</subfield>
   </datafield>
   <datafield tag="653" ind2=" " ind1=" ">
      <subfield code="a">Aplicaciones informáticas</subfield>
   </datafield>
   <datafield tag="653" ind2=" " ind1=" ">
      <subfield code="a">Negocios - Gestión</subfield>
   </datafield>
   <datafield tag="653" ind2=" " ind1=" ">
      <subfield code="a">Informática - Trabajos Fin de Grado</subfield>
   </datafield>
   <datafield tag="653" ind2=" " ind1=" ">
      <subfield code="a">Grado en Ingeniería Informática - Trabajos Fin de Grado</subfield>
   </datafield>
   <datafield ind2="0" ind1="0" tag="245">
      <subfield code="a">Aplicación web para el análisis unificado de procesos BPMN</subfield>
   </datafield>
</record>
</metadata></record></GetRecord></OAI-PMH>